| 000 | 00961cam a2200205 4500 | ||
|---|---|---|---|
| 001 | 6924 | ||
| 010 | _a 96039802 | ||
| 020 | _a0824818482 (alk. paper) | ||
| 020 | _a0824819187 (pbk. : alk. paper) | ||
| 082 | 0 | 0 | _a306.4/84$221 |
| 100 | 1 | _aLockard, Craig A. | |
| 245 | 1 | 0 |
_aDance of life : _bpopular music and politics in Southeast Asia / _cCraig A. Lockard. |
| 260 |
_aHonolulu, HI : _bUniversity of Hawaii Press, _cc1998. |
||
| 300 |
_axix, 390 p. : _bill. ; _c24 cm. |
||
| 504 | _aIncludes bibliographical references (p. 273-374) and index. | ||
| 505 |
_aPopular culture and music in the modern world -- Indonesia: many fields, many songs -- Philippines: pinoy, protest, and people power -- Thailand: songs for life, songs for struggle -- Malaysia and Singapore: pluralism and popular music. _g _r _t |
||
| 650 | 0 |
_aMusic and state _zSoutheast Asia. |
|
| 650 | 0 |
_aPopular music _zSoutheast Asia _xHistory and criticism. |
|
| 999 |
_c5860 _d5860 |
||